Špecifiká miezd a platov zamestnancov štátnej služby
Rozpočtové organizácie, príspevkové organizácie, obce a vyššie územné celky vedú účtovníctvo podľa zákona č. 431/2002 Z. z. o účtovníctve v z. n. p. a na základe opatrenia MF SR č. 16786/2007-31, ktorým sa ustanovujú podrobnosti o postupoch účtovania a rámcovej účtovej osnove pre rozpočtové organizá...
Uložené v:
| Hlavný autor: | |
|---|---|
| Médium: | Kapitola |
| Jazyk: | Slovak |
| Predmet: | |
| Tagy: |
Žiadne tagy, Buďte prvý, kto otaguje tento záznam!
|
MARC
| LEADER | 00000naa a2200000 4500 | ||
|---|---|---|---|
| 001 | 0247847 | ||
| 005 | 20180921131648.8 | ||
| 041 | 0 | |a slo | |
| 044 | |a SK | ||
| 245 | 1 | 0 | |a Špecifiká miezd a platov zamestnancov štátnej služby |c Ingrid Šabíková |
| 520 | |a Rozpočtové organizácie, príspevkové organizácie, obce a vyššie územné celky vedú účtovníctvo podľa zákona č. 431/2002 Z. z. o účtovníctve v z. n. p. a na základe opatrenia MF SR č. 16786/2007-31, ktorým sa ustanovujú podrobnosti o postupoch účtovania a rámcovej účtovej osnove pre rozpočtové organizácie, príspevkové organizácie, štátne fondy, obce a vyššie územné celky v z. n. p. . Metodickým usmernením MF č. MF/014199/2017-352 zo dňa 22. 06. 2017 o účtovaní položiek štátnozamestnaneckého platu v zmysle zákona č. 55/2017 Z. z. o štátnej službe a o zmene a doplnení niektorých zákonov sa upravuje a sprehľadňuje účtovanie jednotlivých zložiek platu štátneho zamestnanca. | ||
| 610 | 2 | 0 | |a účtovníctvo |
| 610 | 2 | 0 | |a služba štátna |
| 610 | 2 | 0 | |a služba verejná |
| 610 | 2 | 0 | |a organizácie príspevkové |
| 610 | 2 | 0 | |a organizácie rozpočtové |
| 610 | 2 | 0 | |a vyššie územné celky |
| 610 | 2 | 0 | |a zamestnanci štátni |
| 610 | 2 | 0 | |a mzdy |
| 610 | 2 | 0 | |a platy |
| 100 | 1 | |a Šabíková, Ingrid | |